Online katalóg knižníc regiónu Turca

Moje najkrajšie rozprávky (Record no. 21745)

MARC details
000 -LEADER
fixed length control field 01368nam a22003855a 4500
001 - CONTROL NUMBER
control field 21745
003 - CONTROL NUMBER IDENTIFIER
control field VRT
005 - DATE AND TIME OF LATEST TRANSACTION
control field 20260309113257.0
008 - FIXED-LENGTH DATA ELEMENTS--GENERAL INFORMATION
fixed length control field 160430s2013 xo a a 000 f slo
015 ## - NATIONAL BIBLIOGRAPHY NUMBER
National bibliography number SNBA2013/08
020 ## - INTERNATIONAL STANDARD BOOK NUMBER
International Standard Book Number 9788081380143 (brož.)
035 ## - SYSTEM CONTROL NUMBER
System control number DFE22118-1C4B-41AB-AFE8-883B26DA6364
035 ## - SYSTEM CONTROL NUMBER
System control number urn:nbn:sk:snk-amkbrt
035 ## - SYSTEM CONTROL NUMBER
System control number urn:nbn:sk:snk-am008bs4
039 #9 - LEVEL OF BIBLIOGRAPHIC CONTROL AND CODING DETAIL [OBSOLETE]
Level of rules in bibliographic description 202003200908
Level of effort used to assign nonsubject heading access points AUTHORITY
Level of effort used to assign subject headings 202003200852
Level of effort used to assign classification AUTHORITY
Level of effort used to assign subject headings 201604301114
Level of effort used to assign classification VLOAD
Level of effort used to assign subject headings 201602082152
Level of effort used to assign classification VLOAD
040 ## - CATALOGING SOURCE
Original cataloging agency SNK
Language of cataloging slo
Transcribing agency SNK
Description conventions AACR2
041 1# - LANGUAGE CODE
Language code of text/sound track or separate title slo
Language code of original spa
044 ## - COUNTRY OF PUBLISHING/PRODUCING ENTITY CODE
MARC country code xo
ISO country code SK
072 #7 - SUBJECT CATEGORY CODE
Subject category code 821-93
Subject category code subdivision Literatúra pre deti a mládež (beletria)
Source konspekt
080 ## - UNIVERSAL DECIMAL CLASSIFICATION NUMBER
Universal Decimal Classification number 821-34
Edition identifier 2001
080 ## - UNIVERSAL DECIMAL CLASSIFICATION NUMBER
Universal Decimal Classification number 821-93
Edition identifier 2001
130 0# - MAIN ENTRY--UNIFORM TITLE
Uniform title Cuentos de Hadas y Animales.
Language of a work Slovensky
245 10 - TITLE STATEMENT
Title Moje najkrajšie rozprávky
Statement of responsibility, etc. [zo španielskeho originálu preložila Ľubica Jakušová]
250 ## - EDITION STATEMENT
Edition statement [1. vyd.]
260 ## - PUBLICATION, DISTRIBUTION, ETC.
Place of publication, distribution, etc. Bratislava
Name of publisher, distributor, etc. Viktoria Print
Date of publication, distribution, etc. [2013]
300 ## - PHYSICAL DESCRIPTION
Extent 200 s.
Other physical details fareb. ilustr.
Dimensions 26 cm
655 #7 - INDEX TERM--GENRE/FORM
Genre/form data or focus term rozprávky
Source of term SNKPH
655 #7 - INDEX TERM--GENRE/FORM
Genre/form data or focus term publikácie pre deti
Source of term SNKPH
655 #7 - INDEX TERM--GENRE/FORM
Genre/form data or focus term Fairy tales
Source of term SNKPHeng
655 #7 - INDEX TERM--GENRE/FORM
Genre/form data or focus term Children's literature
Source of term SNKPHeng
700 1# - ADDED ENTRY--PERSONAL NAME
Personal name Jakušová, Ľubica,
Dates associated with a name 1958-
Relationship trl
942 ## - ADDED ENTRY ELEMENTS (KOHA)
Source of classification or shelving scheme Dewey Decimal Classification
Koha item type Krásna literatúra pre deti
Suppress in OPAC No
949 ## - LOCAL PROCESSING INFORMATION (OCLC)
6 17A1080128
a snkSB 85327
b snk2013/16999
o 1615/13
s 6100:20140925
949 ## - LOCAL PROCESSING INFORMATION (OCLC)
6 17A1080127
a snkSB 85327 D1
b snk2013/17000
o 1615/13
Holdings
Stav vyradenia Strata Poškodenie Spôsob nadobudnutia Domovská knižnica Aktuálna knižnica Dátum nadobudnutia Total checkouts Čiarový kód exemplára Date last seen Typ exemplára
      Dar Obecná knižnica Turčianska Štiavnička Obecná knižnica Turčianska Štiavnička 09.03.2026   4738000352 09.03.2026 Krásna literatúra pre deti
Projekt je podporený Slovenskou asociáciou knižníc
Prevádzkuje Turčianska knižnica Martin 2026